01696nam a2200313 u 450000100100000000500170001000800410002704000250006808200210009310000480011424500670016224600450022926000340027430000210030849000690032949000290039856300620042765000280048965000310051771000510054874000210059983000730062083000380069391000370073195202070076895201920097595201980116799900170136500003349720250924073803.0100813s1970 dr r 000 p spa d aDO-SdBNPbspacBNPHU aRD861.44bA958ca1 aAvilés Blonda, Máximo,d1931-19889791410aCantos a Elena ; Centro del mundo /cMáximo Avilés Blonda.13aCentro del mundobDescubrimiento del mar aSanto Domingo :bUASD,c1970. a130 p. ;c19 cm.1 aPublicaciones de la Universidad Autónoma de Santo Domingov1491 aBrigada Universitariav5 aDos obras encuadernadas juntas con paginación continua. 0aPoesía dominicana966 0aLiteratura dominicana.96712aUniversidad Autónoma de Santo Domingo97295102aCentro del mundo aPublicaciones de la Universidad Autónoma de Santo Domingov149952 0aBrigada Universitaria ;n5924362 aValidado. Control de calidad MFF 001154708DSaGRbGRcMId2011-08-30iLF1l0oRD861.44 A958cap33497-30r2020-06-25te. 3w2020-06-25yLFDSzPerteneció a la biblioteca personal de Aída Cartagena Portalatín.ZPréstamo en sala 0010718PDaPDbPDcHDd2011-08-30iLF1l0oRD861.44 A958cap33497-10r2020-06-25w2020-06-25yLFPDzPerteneció a la biblioteca personal de Aída Cartagena Portalatín.ZNo se presta 0011718PDaPDbPDcMId2011-08-30iLF1l0oRD861.44 A958cap33497-20r2020-06-25te. 2w2020-06-25yLFPDzPerteneció a la biblioteca personal de Aída Cartagena Portalatín.ZNo se presta c32988d32988